000 00920pam a2200241 4500
001 2540
003 FISKH
005 20231214153631.0
008 740605s1974 mau 000 1 eng
010 _a 74010952
020 _a0316290939
040 _aDLC
_cDLC
_dDLC
_beng
050 0 0 _aPZ4.F788
_bEb3
_aPR6056.O85
082 0 0 _a823/.9/14
100 1 _aFowles, John,
_d1926-2005.
245 1 4 _aThe ebony tower /
_cJohn Fowles
250 _aThis edition published in 1975
260 _aMassachusetts :
_bLittle, Brown,
_c1974
300 _a291 pages :
_c18 cm
520 _aThe Ebony Tower, comprising a novella, three stories, and a translation of a medieval French tale, echoes themes from John Fowles's internationally celebrated novels as it probes the fitful relations between love and hate, pleasure and pain, fantasy and reality.
906 _a7
_bcbc
_corignew
_d1
_eocip
_f19
_gy-gencatlg
942 _2ddc
_cBK
_n0
999 _c2540
_d2540